Материалы к изучению женьшеня и лимонника / (Record no. 397112)
[ view plain ]
| 000 -LEADER | |
|---|---|
| fixed length control field | 01356nam a2200289 a 4500 |
| 001 - CONTROL NUMBER | |
| control field | 001010160 |
| 003 - CONTROL NUMBER IDENTIFIER | |
| control field | AM-YeHGA |
| 005 - DATE AND TIME OF LATEST TRANSACTION | |
| control field | 20250617153736.0 |
| 008 - FIXED-LENGTH DATA ELEMENTS--GENERAL INFORMATION | |
| fixed length control field | 140328s1955 ||||||||r|||||000|0|rus|d |
| 040 ## - CATALOGING SOURCE | |
| Original cataloging agency | AM-YeHGA |
| 041 0# - LANGUAGE CODE | |
| Language code of text/sound track or separate title | rus |
| 090 ## - LOCALLY ASSIGNED LC-TYPE CALL NUMBER (OCLC); LOCAL CALL NUMBER (RLIN) | |
| -- | 399200 |
| 245 00 - TITLE STATEMENT | |
| Title | Материалы к изучению женьшеня и лимонника / |
| Statement of responsibility, etc. | АН СССР, Дальневосточный филиал им. В.Л. Комарова. |
| 260 ## - PUBLICATION, DISTRIBUTION, ETC. | |
| Place of publication, distribution, etc. | Москва ; |
| -- | Ленинград : |
| Name of publisher, distributor, etc. | Изд-во АН СССР, |
| Date of publication, distribution, etc. | 1955 -. |
| 300 ## - PHYSICAL DESCRIPTION | |
| Dimensions | 26 см. |
| 504 ## - BIBLIOGRAPHY, ETC. NOTE | |
| Bibliography, etc. note | Библиогр. в конце ст. |
| 505 0# - FORMATTED CONTENTS NOTE | |
| Miscellaneous information | Вып. 1 (1951, 144 с., ил.) |
| -- | Вып. 2 (1955, 195 с., ил.) |
| Statement of responsibility | Под ред. Н.В. Лазарева |
| Miscellaneous information | Вып. 3 (1958, 230 с., ил.) |
| -- | Вып. 4 (1960, 248 с., ил.) |
| 650 14 - SUBJECT ADDED ENTRY--TOPICAL TERM | |
| Topical term or geographic name entry element | Лекарственные растения |
| 650 14 - SUBJECT ADDED ENTRY--TOPICAL TERM | |
| Topical term or geographic name entry element | Лимонниковые |
| 650 14 - SUBJECT ADDED ENTRY--TOPICAL TERM | |
| Topical term or geographic name entry element | Лимонник |
| 650 14 - SUBJECT ADDED ENTRY--TOPICAL TERM | |
| Topical term or geographic name entry element | Женьшень |
| 650 14 - SUBJECT ADDED ENTRY--TOPICAL TERM | |
| Topical term or geographic name entry element | Ботаника |
| 650 14 - SUBJECT ADDED ENTRY--TOPICAL TERM | |
| Topical term or geographic name entry element | Растений болезни |
| 650 14 - SUBJECT ADDED ENTRY--TOPICAL TERM | |
| Topical term or geographic name entry element | Препараты, полученные из растений |
| General subdivision | терапевтическое применение |
| 700 1# - ADDED ENTRY--PERSONAL NAME | |
| Personal name | Лазарев, Н.В. |
| Relator term | ред. |
| Relationship | edt |
| 710 2# - ADDED ENTRY--CORPORATE NAME | |
| Corporate name or jurisdiction name as entry element | Академия наук СССР |
| Subordinate unit | Дальневосточный филиал им. В.Л. Комарова |
| Withdrawn status | Lost status | Damaged status | Not for loan | Collection | Home library | Current library | Date acquired | Serial enumeration / chronology | Total checkouts | Full call number | Barcode | Date last seen | Price effective from | Koha item type | Public note | Source of classification or shelving scheme |
|---|---|---|---|---|---|---|---|---|---|---|---|---|---|---|---|---|
| General | Fundamental Scientific Library | Fundamental Scientific Library | 11/01/2018 | Вып. 4 | PIII/5218 | FL0470768 | 11/01/2018 | 11/01/2018 | Գրքեր / Books | 30 Days Loan | ||||||
| General | Fundamental Scientific Library | Fundamental Scientific Library | 16/01/2018 | Вып. 46 | PIII/5863 | FL0471173 | 16/01/2018 | 16/01/2018 | Գրքեր / Books | 30 Days Loan | Universal Decimal Classification |
ՀՀ Գիտությունների ազգային ակադեմիայի հիմնարար գիտական գրադարան = Fundamental Scientific Library of NAS RA
All site content, except where otherwise noted, is licensed under a